Národopisný betlém /
| Hlavní autor: | Fischerová-Kvěchová, Marie, 1894-1984 |
|---|---|
| Jazyk: | Čeština |
| Vydáno: |
Praha : Vyšehrad, 1969 |
| Témata: | |
| Fyzický popis: |
4 l. bar.obr. |
|
| LEADER | 00502nam a2200169 a 4500 | ||
|---|---|---|---|
| 001 | 000574858 | ||
| 003 | CZ BrMZK | ||
| 005 | 20011016115300.0 | ||
| 008 | 010825s1969 xr f cze d | ||
| 040 | |a BOA001 |b cze | ||
| 100 | 1 | |a Fischerová-Kvěchová, Marie, |d 1894-1984 |7 jk01031311 | |
| 245 | 1 | 0 | |a Národopisný betlém / |c Marie Fischerová-Kvěchová. |
| 260 | |a Praha : |b Vyšehrad, |c 1969 | ||
| 300 | |a 4 l. bar.obr. | ||
| 910 | |a BOA001 |b PK-M-0000.210 | ||
| 964 | |a Betlémy - vystřihovánky - návody | ||
| 990 | |a BK | ||
English
Čeština 